00369nam a2200133 a 4500008004100000050001500041100002200056245005600078260002700134300002100161350000900182700002100191700002300212120416s1967 ||||||||||||||||| || u aTP 270 Urb aUrbanski, Tadeusz10aChemistry and technology of explosives, vols 1 to 4 aOxfordbPergamonc1967 aii, 544p. : ill. a0.00 aLaverton, Sylvia aJeczalikowa, Irena